<?xml version="1.0" encoding="UTF-8"?>
<marc:record xmlns:marc="http://www.loc.gov/MARC21/slim">
   <marc:leader>00000nam a2200000 a 4500</marc:leader>
   <marc:datafield ind1="1" ind2=" " tag="100">
      <marc:subfield code="a">Littlewood, Kathryn</marc:subfield>
      <marc:subfield code="4">aut</marc:subfield>
      <marc:subfield code="e">Verfasser/-in</marc:subfield>
   </marc:datafield>
   <marc:datafield ind1="1" ind2=" " tag="100">
      <marc:subfield code="a">Riekert, Eva</marc:subfield>
      <marc:subfield code="4">trl</marc:subfield>
      <marc:subfield code="e">Übersetzer/-in</marc:subfield>
   </marc:datafield>
   <marc:datafield ind1="0" ind2="0" tag="245">
      <marc:subfield code="a">Das magische Fest</marc:subfield>
   </marc:datafield>
   <marc:datafield ind1="0" ind2="0" tag="245">
      <marc:subfield code="c">Kathryn Littlewood. Aus dem Amerikan. von Eva Riekert</marc:subfield>
   </marc:datafield>
   <marc:datafield ind1=" " ind2="1" tag="264">
      <marc:subfield code="a">Frankfurt am Main</marc:subfield>
      <marc:subfield code="b">FISCHER KJB</marc:subfield>
      <marc:subfield code="c">2018</marc:subfield>
   </marc:datafield>
   <marc:datafield ind1="1" ind2=" " tag="490">
      <marc:subfield code="a">¬Die¬ Glücksbäckerei</marc:subfield>
      <marc:subfield code="v">Band 7</marc:subfield>
   </marc:datafield>
   <marc:datafield ind1="1" ind2=" " tag="520">
      <marc:subfield code="a">Familie Glyck hat es in ihrer Backstube kuschelig warm, als es draußen anfängt zu schneien und nicht wieder aufhört. Die Zauberbäcker werden zur Hilfe gerufen, um ein schon fast ganz eingeschneites Städtchen mit magischen Törtchen zu retten. Doch als sie ankommen hat ein anderes Mädchen das schon getan! Rose, die es gewöhnt ist, immer die alleinige strahlende Heldin zu sein, hat plötzlich eine Rivalin.</marc:subfield>
   </marc:datafield>
   <marc:datafield ind1=" " ind2=" " tag="020">
      <marc:subfield code="a">9783737341271</marc:subfield>
      <marc:subfield code="9">9783737341271</marc:subfield>
   </marc:datafield>
   <marc:datafield ind1=" " ind2=" " tag="020">
      <marc:subfield code="a">3737341273</marc:subfield>
      <marc:subfield code="9">3737341273</marc:subfield>
   </marc:datafield>
   <marc:datafield ind1=" " ind2=" " tag="300">
      <marc:subfield code="a">380 S.</marc:subfield>
   </marc:datafield>
</marc:record>
